Industry 4.0 a inteligentné technológie v rozvoji manažmentu výroby podniku /

Saved in:
Bibliographic Details
Main Authors: Závadská, Zuzana (Author), Závadský, Ján (Author)
Format: Book
Language:Slovak
Published: Banská Bystrica Belianum 2020
Series:Studia oeconomica 69
Subjects:
Tags: Add Tag
No Tags, Be the first to tag this record!

MARC

LEADER 00000nam a22000003a 4500
001 0091895
003 SK-STU
005 20211201113345.5
007 ta
008 211201s ----xo-----e------000-0-----d
020 |a 978-80-557-1732-6 
040 |a STU  |b slo 
041 0 |a slo 
044 |a xo 
100 1 |a Závadská, Zuzana  |4 aut 
245 1 0 |a Industry 4.0 a inteligentné technológie v rozvoji manažmentu výroby podniku /  |c aut. Zuzana Závadská, Ján Závadský 
260 |a Banská Bystrica  |b Belianum  |c 2020 
300 |a 157 s. 
490 0 |a Studia oeconomica  |v 69 
650 0 7 |a manažment výroby 
700 1 |a Závadský, Ján  |4 aut 
996 |b 284M088943  |c M* 14555-1  |l MMST  |s A  |a 24  |w 0091895_0001